Estadísticas para Cliquea en el Día de la Independencia sudamericana

Haz click aquí para intentar la prueba.

Estadísticas generales

  • Esta prueba ha sido intentada 8 veces
  • La puntuación promedio es 5 de 12

Estadísticas de respuestas

HintRespuesta% Correcto
Uruguay25, agosto, 1828
57%
Guyana26, mayo, 1966
57%
Venezuela5, julio, 1811
57%
Argentina9, julio, 1816
57%
Paraguay14, mayo, 1811
43%
Brasil7, septiembre, 1822
43%
Colombia20, julio, 1810
29%
Surinam25, noviembre, 1975
29%
Perú28, julio, 1821
29%
Bolivia6, agosto, 1825
29%
Ecuador10, agosto, 1809
14%
Chile18, septiembre, 1810
14%

Distribución de puntuación

Porcentaje por número respondido

Porcentaje de gente con cada puntuación

Historial de tus puntuaciones

No has intentado esta prueba.